[Event "ODJM B 2023"]
[Site "Willingen GER"]
[Date "2023.05.28"]
[Round "1"]
[White "Jansen, Malte"]
[Black "Glotz, Richard"]
[Result "0-1"]
[Termination "normal"]
[Board "21"]
[WhiteElo "1503"]
[BlackElo "1591"]
[WhiteClock "00:18:52"]
[BlackClock "00:12:43"]
[PlyCount "54"]
[WhiteFideId "16295137"]
[BlackFideId "34601520"]
[EventCountry "GER"]
[EventRounds "9"]
[EventType "swiss"]
[EventDate "2023.05.27"]

1. e4 {[%clk 01:30:54] [%emt 00:00:04]} 1... c5 {[%clk 01:30:54] [%emt
00:00:07]} 2. Nf3 {[%clk 01:30:47] [%emt 00:00:36]} 2... Nc6 {[%clk 01:31:16]
[%emt 00:00:09]} 3. d4 {[%clk 01:30:42] [%emt 00:00:35]} 3... cxd4 {[%clk
01:31:39] [%emt 00:00:07]} 4. Nxd4 {[%clk 01:31:06] [%emt 00:00:06]} 4... g6
{[%clk 01:32:01] [%emt 00:00:09]} 5. Nc3 {[%clk 01:30:00] [%emt 00:01:35]} 5...
Bg7 {[%clk 01:32:21] [%emt 00:00:11]} 6. Be3 {[%clk 01:28:34] [%emt 00:01:55]}
6... Nf6 {[%clk 01:32:42] [%emt 00:00:09]} 7. Bc4 {[%clk 01:25:56] [%emt
00:03:09]} 7... Qa5 {[%clk 01:32:08] [%emt 00:01:04]} 8. Nb3 {[%clk 01:21:27]
[%emt 00:04:59]} 8... Qb4 {[%clk 01:25:18] [%emt 00:07:19]} 9. Bd3 {[%clk
01:14:54] [%emt 00:07:02]} 9... Nxe4 {[%clk 01:22:16] [%emt 00:03:33]} 10. O-O
{[%clk 01:12:26] [%emt 00:02:58]} 10... Nxc3 {[%clk 01:19:57] [%emt 00:02:48]}
11. bxc3 {[%clk 01:12:40] [%emt 00:00:16]} 11... Qd6 {[%clk 01:11:27] [%emt
00:09:01]} 12. Qd2 {[%clk 01:03:15] [%emt 00:09:55]} 12... O-O {[%clk 01:10:09]
[%emt 00:01:48]} 13. Rad1 {[%clk 00:59:18] [%emt 00:04:26]} 13... Re8 {[%clk
01:06:02] [%emt 00:04:38]} 14. Rfe1 {[%clk 00:54:03] [%emt 00:05:44]} 14... b6
{[%clk 00:57:21] [%emt 00:09:12]} 15. c4 {[%clk 00:41:09] [%emt 00:13:24]}
15... Qc7 {[%clk 00:52:39] [%emt 00:05:11]} 16. c5 {[%clk 00:39:23] [%emt
00:02:17]} 16... bxc5 {[%clk 00:50:32] [%emt 00:02:38]} 17. Bxc5 {[%clk
00:39:07] [%emt 00:00:45]} 17... d6 {[%clk 00:46:47] [%emt 00:04:15]} 18. Be3
{[%clk 00:38:36] [%emt 00:01:02]} 18... Be6 {[%clk 00:43:17] [%emt 00:04:00]}
19. Be4 {[%clk 00:35:58] [%emt 00:03:07]} 19... Rab8 {[%clk 00:33:32] [%emt
00:10:15]} 20. h3 {[%clk 00:32:15] [%emt 00:04:13]} 20... Nb4 {[%clk 00:31:14]
[%emt 00:02:48]} 21. Bd4 {[%clk 00:27:16] [%emt 00:05:29]} 21... Nxa2 {[%clk
00:23:34] [%emt 00:08:10]} 22. Bxg7 {[%clk 00:23:47] [%emt 00:03:58]} 22...
Kxg7 {[%clk 00:23:35] [%emt 00:00:29]} 23. Qd4+ {[%clk 00:23:46] [%emt
00:00:31]} 23... Kg8 {[%clk 00:23:26] [%emt 00:00:40]} 24. Ra1 {[%clk 00:23:31]
[%emt 00:00:45]} 24... Bxb3 {[%clk 00:15:16] [%emt 00:08:40]} 25. cxb3 {[%emt
00:04:04]} 25... Nc3 {[%clk 00:12:15]} 26. Rxa7 {[%clk 00:19:15] [%emt
00:04:43]} 26... Nb5 {[%clk 00:12:15] [%emt 00:00:31]} 27. Rxc7 {[%clk
00:18:52] [%emt 00:00:52]} 27... Nxd4 {[%clk 00:12:43] [%emt 00:00:02]} 0-1

[Event "ODJM B 2023"]
[Site "Willingen GER"]
[Date "2023.05.28"]
[Round "1"]
[White "Weis, Constantin"]
[Black "Sitnik, Arthur"]
[Result "0-1"]
[Termination "normal"]
[Board "24"]
[WhiteElo "1677"]
[BlackElo "1267"]
[WhiteClock "00:23:57"]
[BlackClock "00:22:24"]
[PlyCount "46"]
[WhiteFideId "16286197"]
[BlackFideId "34608150"]
[EventCountry "GER"]
[EventRounds "9"]
[EventType "swiss"]
[EventDate "2023.05.27"]

1. e4 {[%clk 01:30:53] [%emt 00:00:05]} 1... e5 {[%clk 01:30:54] [%emt
00:00:07]} 2. Nf3 {[%clk 01:31:19] [%emt 00:00:04]} 2... Nc6 {[%clk 01:31:10]
[%emt 00:00:15]} 3. Bb5 {[%clk 01:31:40] [%emt 00:00:08]} 3... a6 {[%clk
01:30:25] [%emt 00:01:16]} 4. Ba4 {[%clk 01:32:01] [%emt 00:00:09]} 4... Bc5
{[%clk 01:29:13] [%emt 00:01:42]} 5. O-O {[%clk 01:29:59] [%emt 00:02:30]} 5...
d6 {[%clk 01:28:45] [%emt 00:00:59]} 6. c3 {[%clk 01:27:56] [%emt 00:02:33]}
6... b5 {[%clk 01:27:27] [%emt 00:01:49]} 7. Bb3 {[%clk 01:27:06] [%emt
00:01:20]} 7... Bg4 {[%clk 01:27:06] [%emt 00:00:51]} 8. h3 {[%clk 01:23:44]
[%emt 00:03:51]} 8... Bh5 {[%clk 01:27:16] [%emt 00:00:20]} 9. d3 {[%clk
01:23:59] [%emt 00:00:14]} 9... Nh6 {[%clk 01:17:39] [%emt 00:10:08]} 10. Bd5
{[%clk 01:19:36] [%emt 00:04:53]} 10... Qd7 {[%clk 01:15:32] [%emt 00:02:38]}
11. Nxe5 {[%clk 01:14:21] [%emt 00:05:45]} 11... Nxe5 {[%clk 01:02:25] [%emt
00:13:36]} 12. Qxh5 {[%clk 01:14:28] [%emt 00:00:23]} 12... c6 {[%clk 01:02:12]
[%emt 00:00:44]} 13. Bb3 {[%clk 01:05:01] [%emt 00:09:56]} 13... Nxd3 {[%clk
00:59:16] [%emt 00:03:26]} 14. Bxh6 {[%clk 00:54:21] [%emt 00:11:10]} 14...
gxh6 {[%clk 00:58:37] [%emt 00:01:10]} 15. Qxh6 {[%clk 00:52:41] [%emt
00:02:09]} 15... O-O-O {[%clk 00:51:50] [%emt 00:07:18]} 16. Qf6 {[%clk
00:45:08] [%emt 00:08:01]} 16... Rhg8 {[%clk 00:44:04] [%emt 00:08:17]} 17.
Qxf7 {[%clk 00:40:19] [%emt 00:05:19]} 17... Rgf8 {[%clk 00:42:01] [%emt
00:02:33]} 18. Qxd7+ {[%clk 00:40:03] [%emt 00:00:46]} 18... Kxd7 {[%clk
00:42:11] [%emt 00:00:20]} 19. Nd2 {[%clk 00:35:32] [%emt 00:05:01]} 19... Nxf2
{[%clk 00:38:56] [%emt 00:03:44]} 20. Kh2 {[%clk 00:35:46] [%emt 00:00:16]}
20... Be3 {[%clk 00:36:49] [%emt 00:02:38]} 21. Nf3 {[%clk 00:29:10] [%emt
00:07:05]} 21... Nxe4 {[%clk 00:35:02] [%emt 00:02:17]} 22. g3 {[%clk 00:24:19]
[%emt 00:05:21]} 22... d5 {[%clk 00:26:22] [%emt 00:09:11]} 23. Rae1 {[%clk
00:23:57] [%emt 00:00:51]} 23... Bf2 {[%clk 00:22:24] [%emt 00:04:29]} 0-1

[Event "ODJM B 2023"]
[Site "Willingen GER"]
[Date "2023.05.28"]
[Round "1"]
[White "Meitzner, Johan Eduard"]
[Black "Friemel, Tim"]
[Result "0-1"]
[Termination "normal"]
[Board "25"]
[WhiteElo "1262"]
[BlackElo "1692"]
[WhiteClock "00:59:56"]
[BlackClock "00:17:32"]
[PlyCount "70"]
[WhiteFideId "34623612"]
[BlackFideId "34607021"]
[EventCountry "GER"]
[EventRounds "9"]
[EventType "swiss"]
[EventDate "2023.05.27"]

1. e4 {[%clk 01:30:55] [%emt 00:00:04]} 1... c6 {[%clk 01:30:43] [%emt
00:00:17]} 2. Nf3 {[%clk 01:31:18] [%emt 00:00:07]} 2... d5 {[%clk 01:30:48]
[%emt 00:00:25]} 3. exd5 {[%clk 01:31:42] [%emt 00:00:07]} 3... cxd5 {[%clk
01:31:10] [%emt 00:00:08]} 4. Ne5 {[%clk 01:31:51] [%emt 00:00:21]} 4... Nf6
{[%clk 01:29:31] [%emt 00:02:07]} 5. d4 {[%clk 01:30:10] [%emt 00:02:13]} 5...
g6 {[%clk 01:28:24] [%emt 00:01:37]} 6. Bb5+ {[%clk 01:28:23] [%emt 00:02:16]}
6... Bd7 {[%clk 01:27:07] [%emt 00:01:46]} 7. Nxd7 {[%clk 01:28:05] [%emt
00:00:49]} 7... Nbxd7 {[%clk 01:27:15] [%emt 00:00:20]} 8. Nc3 {[%clk 01:27:47]
[%emt 00:00:50]} 8... Bg7 {[%clk 01:26:30] [%emt 00:01:15]} 9. Bf4 {[%clk
01:25:44] [%emt 00:02:32]} 9... a6 {[%clk 01:25:43] [%emt 00:01:17]} 10. Ba4
{[%clk 01:25:55] [%emt 00:00:22]} 10... Nh5 {[%clk 01:06:15] [%emt 00:19:56]}
11. Nxd5 {[%clk 01:22:40] [%emt 00:03:43]} 11... Qa5+ {[%clk 01:03:28] [%emt
00:03:18]} 12. Nc3 {[%clk 01:18:49] [%emt 00:04:22]} 12... Nxf4 {[%clk
01:02:57] [%emt 00:01:01]} 13. Bxd7+ {[%clk 01:19:09] [%emt 00:00:10]} 13...
Kxd7 {[%clk 01:02:46] [%emt 00:00:40]} 14. Qf3 {[%clk 01:12:23] [%emt
00:07:17]} 14... Ne6 {[%clk 00:49:00] [%emt 00:14:14]} 15. Qxb7+ {[%clk
01:11:49] [%emt 00:01:06]} 15... Nc7 {[%clk 00:47:07] [%emt 00:02:22]} 16. Rb1
{[%clk 01:08:13] [%emt 00:04:07]} 16... Rab8 {[%clk 00:45:51] [%emt 00:01:45]}
17. Qe4 {[%clk 01:07:27] [%emt 00:01:17]} 17... Rb4 {[%clk 00:40:14] [%emt
00:06:05]} 18. O-O {[%clk 01:07:14] [%emt 00:00:44]} 18... Rxd4 {[%clk
00:39:49] [%emt 00:00:55]} 19. Rbd1 {[%clk 01:07:11] [%emt 00:00:35]} 19... e5
{[%clk 00:34:43] [%emt 00:05:35]} 20. Rxd4+ {[%clk 01:07:02] [%emt 00:00:41]}
20... exd4 {[%clk 00:34:38] [%emt 00:00:33]} 21. Ne2 {[%clk 01:06:25] [%emt
00:01:08]} 21... Re8 {[%clk 00:33:18] [%emt 00:01:49]} 22. Qd3 {[%clk 01:05:46]
[%emt 00:01:10]} 22... Qb5 {[%clk 00:32:24] [%emt 00:01:23]} 23. Qh3+ {[%clk
01:06:06] [%emt 00:00:11]} 23... Ne6 {[%clk 00:27:40] [%emt 00:05:12]} 24. Nf4
{[%clk 01:04:22] [%emt 00:02:12]} 24... Qf5 {[%clk 00:24:02] [%emt 00:04:11]}
25. Qxf5 {[%clk 01:02:42] [%emt 00:02:11]} 25... gxf5 {[%clk 00:24:22] [%emt
00:00:09]} 26. Nh5 {[%clk 01:02:52] [%emt 00:00:21]} 26... Rc8 {[%clk 00:23:18]
[%emt 00:01:33]} 27. Rd1 {[%clk 01:02:38] [%emt 00:00:44]} 27... Rxc2 {[%clk
00:21:49] [%emt 00:02:00]} 28. Nxg7 {[%clk 01:02:18] [%emt 00:00:50]} 28...
Nxg7 {[%clk 00:22:10] [%emt 00:00:08]} 29. Rxd4+ {[%clk 01:02:45] [%emt
00:00:04]} 29... Ke7 {[%clk 00:21:56] [%emt 00:00:43]} 30. Kf1 {[%clk 01:03:01]
[%emt 00:00:15]} 30... Rxb2 {[%clk 00:22:12] [%emt 00:00:14]} 31. Ra4 {[%clk
01:03:18] [%emt 00:00:12]} 31... Rb6 {[%clk 00:22:12] [%emt 00:00:29]} 32. Ke2
{[%clk 01:03:38] [%emt 00:00:12]} 32... Kf6 {[%clk 00:21:11] [%emt 00:01:30]}
33. Kf3 {[%clk 01:03:54] [%emt 00:00:14]} 33... Ne6 {[%clk 00:20:13] [%emt
00:01:27]} 34. Rh4 {[%clk 01:02:47] [%emt 00:01:38]} 34... Rc6 {[%clk 00:18:28]
[%emt 00:02:11]} 35. Ra4 {[%clk 00:59:56] [%emt 00:03:25]} 35... Ng5+ {[%clk
00:17:32] [%emt 00:01:26]} 0-1

[Event "ODJM B 2023"]
[Site "Willingen GER"]
[Date "2023.05.28"]
[Round "1"]
[White "Hensen, Malte"]
[Black "Retzlaff, Kian"]
[Result "1/2-1/2"]
[Termination "normal"]
[Board "27"]
[WhiteElo "1484"]
[BlackElo "1663"]
[WhiteClock "00:56:29"]
[BlackClock "00:12:36"]
[PlyCount "54"]
[WhiteFideId "34660356"]
[BlackFideId "34606700"]
[EventCountry "GER"]
[EventRounds "9"]
[EventType "swiss"]
[EventDate "2023.05.27"]

1. d4 {[%clk 01:30:57] [%emt 00:00:02]} 1... Nf6 {[%clk 01:30:54] [%emt
00:00:06]} 2. Nf3 {[%clk 01:31:19] [%emt 00:00:09]} 2... e6 {[%clk 01:30:16]
[%emt 00:01:07]} 3. e3 {[%clk 01:31:40] [%emt 00:00:10]} 3... d5 {[%clk
01:29:04] [%emt 00:01:42]} 4. b3 {[%clk 01:31:42] [%emt 00:00:28]} 4... b6
{[%clk 01:22:52] [%emt 00:06:43]} 5. Bb2 {[%clk 01:31:52] [%emt 00:00:19]} 5...
Bd6 {[%clk 01:18:16] [%emt 00:05:06]} 6. Bd3 {[%clk 01:31:11] [%emt 00:01:11]}
6... Bb7 {[%clk 01:10:43] [%emt 00:08:03]} 7. Nbd2 {[%clk 01:29:16] [%emt
00:02:24]} 7... Nbd7 {[%clk 01:09:12] [%emt 00:02:02]} 8. O-O {[%clk 01:28:37]
[%emt 00:01:09]} 8... c5 {[%clk 01:05:50] [%emt 00:03:51]} 9. Ne5 {[%clk
01:27:04] [%emt 00:02:04]} 9... Qc7 {[%clk 00:59:27] [%emt 00:06:52]} 10. f4
{[%clk 01:25:52] [%emt 00:01:42]} 10... O-O {[%emt 00:07:49]} 11. c4 {[%clk
01:21:11]} 11... Ne4 {[%clk 00:50:04] [%emt 00:07:46]} 12. Nxd7 {[%clk
01:19:09] [%emt 00:02:31]} 12... Qxd7 {[%clk 00:49:01] [%emt 00:01:33]} 13. Qc2
{[%clk 01:16:15] [%emt 00:03:25]} 13... f5 {[%clk 00:46:09] [%emt 00:03:22]}
14. Nf3 {[%clk 01:11:39] [%emt 00:05:05]} 14... Rac8 {[%clk 00:43:33] [%emt
00:03:07]} 15. Qe2 {[%clk 01:09:19] [%emt 00:02:48]} 15... Rc7 {[%clk 00:32:46]
[%emt 00:11:19]} 16. Rac1 {[%clk 01:09:29] [%emt 00:00:20]} 16... a5 {[%clk
00:29:08] [%emt 00:04:08]} 17. Rc2 {[%clk 01:09:14] [%emt 00:00:46]} 17... a4
{[%clk 00:28:37] [%emt 00:01:01]} 18. Rfc1 {[%clk 01:09:18] [%emt 00:00:25]}
18... Qe7 {[%clk 00:25:10] [%emt 00:03:56]} 19. cxd5 {[%clk 01:08:47] [%emt
00:01:01]} 19... axb3 {[%clk 00:22:41] [%emt 00:02:59]} 20. axb3 {[%clk
01:08:45] [%emt 00:00:33]} 20... Bxd5 {[%clk 00:21:35] [%emt 00:01:36]} 21. Bc4
{[%clk 01:07:58] [%emt 00:01:17]} 21... Rb8 {[%clk 00:20:04] [%emt 00:02:00]}
22. Bxd5 {[%clk 01:07:16] [%emt 00:01:12]} 22... exd5 {[%clk 00:20:24] [%emt
00:00:11]} 23. Ne5 {[%clk 01:06:52] [%emt 00:00:51]} 23... Bxe5 {[%clk
00:20:01] [%emt 00:00:56]} 24. dxe5 {[%clk 01:06:22] [%emt 00:01:00]} 24... b5
{[%clk 00:19:15] [%emt 00:01:17]} 25. Bd4 {[%clk 01:03:12] [%emt 00:03:40]}
25... Rbc8 {[%clk 00:18:05] [%emt 00:01:39]} 26. Qxb5 {[%clk 01:02:42] [%emt
00:00:59]} 26... Rb7 {[%clk 00:12:36] [%emt 00:06:01]} 27. Qd3 {[%clk 00:56:29]
[%emt 00:06:42]} 27... Rbc7 {[%emt 00:09:04]} 1/2-1/2

[Event "ODJM B 2023"]
[Site "Willingen GER"]
[Date "2023.05.28"]
[Round "1"]
[White "Fettig, Michel"]
[Black "Törpel, Cedrik"]
[Result "1/2-1/2"]
[Termination "normal"]
[Board "29"]
[WhiteElo "1457"]
[BlackElo "1678"]
[WhiteClock "00:04:08"]
[BlackClock "00:12:28"]
[PlyCount "83"]
[WhiteFideId "34608982"]
[BlackFideId "34660380"]
[EventCountry "GER"]
[EventRounds "9"]
[EventType "swiss"]
[EventDate "2023.05.27"]

1. c4 {[%clk 01:30:52] [%emt 00:00:08]} 1... b6 {[%clk 01:30:55] [%emt
00:00:05]} 2. Nc3 {[%clk 01:31:07] [%emt 00:00:15]} 2... Bb7 {[%clk 01:30:35]
[%emt 00:00:50]} 3. Nf3 {[%clk 01:30:02] [%emt 00:01:35]} 3... Nf6 {[%clk
01:30:12] [%emt 00:00:54]} 4. d3 {[%clk 01:29:31] [%emt 00:01:00]} 4... d6
{[%clk 01:29:06] [%emt 00:01:36]} 5. e4 {[%clk 01:28:24] [%emt 00:01:37]} 5...
e5 {[%clk 01:28:47] [%emt 00:00:50]} 6. g3 {[%clk 01:27:34] [%emt 00:01:19]}
6... Nc6 {[%clk 01:24:40] [%emt 00:04:37]} 7. Bg2 {[%clk 01:26:14] [%emt
00:01:51]} 7... h6 {[%clk 01:22:15] [%emt 00:02:55]} 8. O-O {[%clk 01:23:48]
[%emt 00:02:56]} 8... Be7 {[%clk 01:20:13] [%emt 00:02:31]} 9. a3 {[%clk
01:22:26] [%emt 00:01:52]} 9... O-O {[%clk 01:13:18] [%emt 00:07:25]} 10. b4
{[%clk 01:20:53] [%emt 00:02:03]} 10... Qd7 {[%clk 01:04:46] [%emt 00:09:02]}
11. Nh4 {[%clk 01:17:08] [%emt 00:04:14]} 11... Nd4 {[%clk 01:03:14] [%emt
00:02:04]} 12. Ne2 {[%clk 01:14:30] [%emt 00:03:07]} 12... c5 {[%clk 01:01:30]
[%emt 00:02:14]} 13. Nxd4 {[%clk 01:14:18] [%emt 00:00:42]} 13... cxd4 {[%clk
01:01:21] [%emt 00:00:39]} 14. Nf5 {[%clk 01:13:13] [%emt 00:01:35]} 14... Kh7
{[%clk 00:54:51] [%emt 00:07:00]} 15. f4 {[%clk 00:53:02] [%emt 00:20:42]}
15... h5 {[%clk 00:43:44] [%emt 00:11:37]} 16. fxe5 {[%clk 00:51:43] [%emt
00:01:48]} 16... dxe5 {[%clk 00:42:51] [%emt 00:01:23]} 17. Nxe7 {[%clk
00:52:01] [%emt 00:00:12]} 17... Qxe7 {[%clk 00:42:56] [%emt 00:00:26]} 18. Bg5
{[%clk 00:52:26] [%emt 00:00:05]} 18... Rh8 {[%clk 00:36:48] [%emt 00:06:38]}
19. Bxf6 {[%clk 00:50:44] [%emt 00:02:12]} 19... gxf6 {[%clk 00:36:54] [%emt
00:00:24]} 20. Qxh5+ {[%clk 00:50:51] [%emt 00:00:22]} 20... Kg7 {[%clk
00:36:22] [%emt 00:01:02]} 21. Qg4+ {[%clk 00:50:37] [%emt 00:00:45]} 21... Kf8
{[%clk 00:36:30] [%emt 00:00:21]} 22. Rf5 {[%clk 00:49:20] [%emt 00:01:16]}
22... Bc8 {[%clk 00:36:00] [%emt 00:01:38]} 23. Rh5 {[%clk 00:49:12] [%emt
00:01:07]} 23... Bxg4 {[%clk 00:33:24] [%emt 00:03:06]} 24. Rxh8+ {[%clk
00:49:34] [%emt 00:00:08]} 24... Kg7 {[%clk 00:33:48] [%emt 00:00:06]} 25. Rxa8
{[%clk 00:49:58] [%emt 00:00:06]} 25... Qb7 {[%clk 00:31:36] [%emt 00:02:42]}
26. Rd8 {[%clk 00:49:47] [%emt 00:00:41]} 26... Qc7 {[%clk 00:27:46] [%emt
00:04:20]} 27. Rd5 {[%clk 00:45:29] [%emt 00:04:48]} 27... Be6 {[%clk 00:27:48]
[%emt 00:00:29]} 28. c5 {[%clk 00:45:23] [%emt 00:00:35]} 28... Bxd5 {[%clk
00:27:33] [%emt 00:00:45]} 29. exd5 {[%clk 00:45:49] [%emt 00:00:04]} 29...
bxc5 {[%clk 00:27:42] [%emt 00:00:21]} 30. Rc1 {[%clk 00:45:55] [%emt
00:00:24]} 30... c4 {[%clk 00:27:09] [%emt 00:01:03]} 31. Rxc4 {[%clk 00:45:45]
[%emt 00:00:40]} 31... Qd7 {[%clk 00:26:32] [%emt 00:01:06]} 32. Bf3 {[%clk
00:38:54] [%emt 00:07:21]} 32... Kf8 {[%clk 00:23:34] [%emt 00:03:28]} 33. g4
{[%clk 00:36:38] [%emt 00:02:46]} 33... Ke7 {[%clk 00:23:06] [%emt 00:00:59]}
34. Rc6 {[%clk 00:33:33] [%emt 00:03:35]} 34... Qd8 {[%clk 00:20:35] [%emt
00:03:00]} 35. Be4 {[%clk 00:27:57] [%emt 00:06:06]} 35... Qh8 {[%clk 00:15:05]
[%emt 00:06:01]} 36. Bf5 {[%clk 00:27:46] [%emt 00:00:41]} 36... Qh6 {[%clk
00:13:48] [%emt 00:01:46]} 37. d6+ {[%clk 00:26:19] [%emt 00:01:58]} 37... Kf8
{[%clk 00:13:58] [%emt 00:00:20]} 38. Rc2 {[%clk 00:25:08] [%emt 00:01:40]}
38... Qe3+ {[%clk 00:13:23] [%emt 00:01:06]} 39. Kg2 {[%clk 00:23:24] [%emt
00:02:13]} 39... e4 {[%clk 00:12:24] [%emt 00:01:30]} 40. Bxe4 {[%clk 00:04:57]
[%emt 00:18:57]} 40... Qf4 {[%clk 00:12:20] [%emt 00:00:33]} 41. Rc6 {[%clk
00:04:31] [%emt 00:00:56]} 41... Qxg4+ {[%clk 00:12:28] [%emt 00:00:22]} 42.
Kf2 {[%clk 00:04:08] [%emt 00:02:37]} 1/2-1/2

[Event "ODJM B 2023"]
[Site "Willingen GER"]
[Date "2023.05.28"]
[Round "1"]
[White "Götz, Timon"]
[Black "Farokhi, Darian"]
[Result "1-0"]
[Termination "normal"]
[Board "30"]
[WhiteElo "1570"]
[BlackElo "1455"]
[WhiteClock "00:18:41"]
[BlackClock "00:44:14"]
[PlyCount "73"]
[WhiteFideId "16245040"]
[BlackFideId "16253108"]
[EventCountry "GER"]
[EventRounds "9"]
[EventType "swiss"]
[EventDate "2023.05.27"]

1. c4 {[%clk 01:30:54] [%emt 00:00:06]} 1... e5 {[%clk 01:30:53] [%emt
00:00:07]} 2. g3 {[%clk 01:31:00] [%emt 00:00:24]} 2... c6 {[%clk 01:31:10]
[%emt 00:00:13]} 3. Bg2 {[%clk 01:30:29] [%emt 00:01:01]} 3... d5 {[%clk
01:31:26] [%emt 00:00:15]} 4. Nf3 {[%clk 01:25:58] [%emt 00:05:00]} 4... e4
{[%clk 01:29:48] [%emt 00:02:08]} 5. Nd4 {[%clk 01:26:20] [%emt 00:00:07]} 5...
dxc4 {[%clk 01:29:05] [%emt 00:01:14]} 6. Nc2 {[%clk 01:25:45] [%emt 00:01:05]}
6... Nf6 {[%clk 01:28:24] [%emt 00:01:11]} 7. O-O {[%clk 01:21:54] [%emt
00:04:21]} 7... Be6 {[%clk 01:26:47] [%emt 00:02:07]} 8. Nba3 {[%clk 01:19:47]
[%emt 00:02:36]} 8... b5 {[%clk 01:25:50] [%emt 00:01:28]} 9. Ne3 {[%clk
01:20:05] [%emt 00:00:12]} 9... Qb6 {[%clk 01:18:44] [%emt 00:07:35]} 10. b3
{[%clk 01:18:39] [%emt 00:01:57]} 10... cxb3 {[%clk 01:18:10] [%emt 00:01:05]}
11. axb3 {[%clk 01:18:58] [%emt 00:00:10]} 11... Bd5 {[%clk 01:17:44] [%emt
00:00:57]} 12. Bb2 {[%clk 01:15:58] [%emt 00:03:29]} 12... Nbd7 {[%clk
01:15:52] [%emt 00:02:22]} 13. d3 {[%clk 01:11:59] [%emt 00:04:29]} 13... exd3
{[%clk 01:12:44] [%emt 00:03:38]} 14. Nxd5 {[%clk 01:11:58] [%emt 00:00:30]}
14... Nxd5 {[%clk 01:12:11] [%emt 00:01:03]} 15. exd3 {[%clk 01:07:01] [%emt
00:05:27]} 15... N7f6 {[%clk 01:09:26] [%emt 00:03:16]} 16. Re1+ {[%clk
01:06:03] [%emt 00:01:28]} 16... Be7 {[%clk 01:09:26] [%emt 00:00:31]} 17. Nc2
{[%clk 01:02:37] [%emt 00:03:55]} 17... O-O {[%clk 01:08:54] [%emt 00:01:03]}
18. Rc1 {[%clk 01:00:40] [%emt 00:02:26]} 18... Bc5 {[%clk 01:06:06] [%emt
00:03:18]} 19. d4 {[%clk 00:58:13] [%emt 00:02:57]} 19... Bd6 {[%clk 01:06:09]
[%emt 00:00:26]} 20. Re2 {[%clk 00:51:36] [%emt 00:07:07]} 20... Rfe8 {[%clk
01:04:56] [%emt 00:01:43]} 21. Ne1 {[%clk 00:48:55] [%emt 00:03:11]} 21... Rxe2
{[%clk 01:04:35] [%emt 00:00:53]} 22. Qxe2 {[%clk 00:49:17] [%emt 00:00:07]}
22... Re8 {[%clk 01:04:41] [%emt 00:00:24]} 23. Qd1 {[%clk 00:46:43] [%emt
00:03:03]} 23... h6 {[%clk 00:55:58] [%emt 00:09:14]} 24. Nd3 {[%clk 00:46:48]
[%emt 00:00:24]} 24... Nd7 {[%clk 00:55:06] [%emt 00:01:23]} 25. Qg4 {[%clk
00:44:25] [%emt 00:02:52]} 25... Qb7 {[%clk 00:48:11] [%emt 00:07:26]} 26. Bxd5
{[%clk 00:29:56] [%emt 00:14:59]} 26... cxd5 {[%clk 00:48:17] [%emt 00:00:23]}
27. Nc5 {[%clk 00:30:05] [%emt 00:00:22]} 27... Nxc5 {[%clk 00:47:31] [%emt
00:01:17]} 28. dxc5 {[%clk 00:30:25] [%emt 00:00:10]} 28... Bf8 {[%clk
00:47:59] [%emt 00:00:01]} 29. c6 {[%clk 00:29:10] [%emt 00:01:45]} 29... Qc7
{[%clk 00:48:00] [%emt 00:00:29]} 30. Qf5 {[%clk 00:25:23] [%emt 00:04:17]}
30... Rd8 {[%clk 00:47:37] [%emt 00:00:52]} 31. Be5 {[%clk 00:20:40] [%emt
00:05:13]} 31... Bd6 {[%clk 00:44:13] [%emt 00:03:55]} 32. Bxd6 {[%clk
00:20:03] [%emt 00:01:06]} 32... Rxd6 {[%clk 00:44:29] [%emt 00:00:15]} 33. Qf4
{[%clk 00:20:22] [%emt 00:00:11]} 33... d4 {[%clk 00:43:15] [%emt 00:01:45]}
34. Qxd6 {[%clk 00:19:34] [%emt 00:01:17]} 34... Qxd6 {[%clk 00:43:40] [%emt
00:00:05]} 35. c7 {[%clk 00:19:57] [%emt 00:00:07]} 35... d3 {[%clk 00:43:49]
[%emt 00:00:20]} 36. c8=Q+ {[%clk 00:20:05] [%emt 00:00:22]} 36... Kh7 {[%clk
00:44:14] [%emt 00:00:06]} 37. Rd1 {[%clk 00:18:41] [%emt 00:01:54]} 1-0